000 00794nam a2200253 i 4500
001 bg
100 1 _aKUCHARCZYK, Wojciech
245 1 0 _aPrzetwórstwo tworzyw sztucznych dla mechaników /
_cWojciech Kucharczyk, Wojciech Żurowski.
260 _aRadom :
_bWydaw. Politechniki Radomskiej,
_ccop. 2002.
300 _a253 s. :
_bil. ;
_c23 cm.
500 _aStreszcz. ang.
504 _aBibliogr.
650 9 _aTworzywa sztuczne
_xtechnologia
655 _aPodręczniki akademickie
700 1 _aŻUROWSKI, Wojciech
020 _a8373510702
040 _cBPK
041 0 _apol
_beng
080 _a678.02(075.8)
920 _a83-7351-070-2
942 _cKS
008 s pl f |000 0 pol
999 _c44942
_d44942
856 _uhttp://koha.tu.koszalin.pl/cgi-bin/koha/opac-detail.pl?biblionumber=44942
_yKatalog online BPK